General Knowledge Tile - Statistics

General Stats
  • This quiz has been taken 301 times
  • The average score is 79 of 112
Answer Stats
Question Tile Select % Correct
Countries colonized by Portugal Bolivia No
92%
Countries colonized by Portugal Malawi No
92%
Countries colonized by Portugal Palau No
92%
Countries colonized by Portugal Brazil Yes
90%
Countries colonized by Portugal Djibouti No
90%
Countries colonized by Portugal Ivory Coast No
90%
Countries colonized by Portugal Namibia No
90%
Countries colonized by Portugal Philippines No
90%
Moons of the solar system Quaoar No
90%
Oviparous animals (Egg-laying animals) Bear No
89%
Moons of the solar system Orcus No
89%
Oviparous animals (Egg-laying animals) Squirrel No
89%
Oviparous animals (Egg-laying animals) Dolphin No
88%
Oviparous animals (Egg-laying animals) Racoon No
88%
Moons of the solar system Hauméa No
87%
Moons of the solar system Sedna No
87%
Moons of the solar system Makemake No
85%
Moons of the solar system Moon Yes
85%
Countries colonized by Portugal São Tomé and Príncipe Yes
85%
Countries colonized by Portugal Suriname No
85%
Find the 6 French cities among all these Canadian cities Victoria No
85%
Oviparous animals (Egg-laying animals) Bat No
84%
Find the 6 French cities among all these Canadian cities Regina No
84%
New 7 Wonders of the World Statue of Zeus No
84%
Flags without Blue or Yellow Sweden No
84%
Find the 6 French cities among all these Canadian cities Calgary No
83%
Find the 6 French cities among all these Canadian cities Halifax No
83%
Oviparous animals (Egg-laying animals) Penguin Yes
83%
Oviparous animals (Egg-laying animals) Snake Yes
83%
Countries colonized by Portugal Sri Lanka No
83%
Find the 6 French cities among all these Canadian cities Granby No
82%
Flags without Blue or Yellow Iceland No
82%
New 7 Wonders of the World Mausoleum at Halicarnassus No
82%
Flags without Blue or Yellow Tanzania No
82%
New 7 Wonders of the World Temple of Artemis No
82%
Flags without Blue or Yellow Lesotho No
81%
Oviparous animals (Egg-laying animals) Swan Yes
81%
Flags without Blue or Yellow Estonia No
80%
Moons of the solar system Io Yes
80%
Find the 6 French cities among all these Canadian cities Nice Yes
80%
Oviparous animals (Egg-laying animals) Turkey Yes
80%
Manga with over 100 millions sales Vagabond No
80%
Flags without Blue or Yellow Vatican No
80%
Manga with over 100 millions sales Fairy Tail No
79%
Flags without Blue or Yellow Ireland Yes
79%
Moons of the solar system Ganymede Yes
78%
Moons of the solar system Vesta No
78%
Countries colonized by Portugal Cape Verde Yes
77%
New 7 Wonders of the World Colossus of Rhodes No
77%
New 7 Wonders of the World Great Wall of China Yes
77%
New 7 Wonders of the World Hanging Gardens of Babylon No
77%
Find the 6 French cities among all these Canadian cities Rennes Yes
77%
Find the 6 French cities among all these Canadian cities Belleville No
76%
Oviparous animals (Egg-laying animals) Crocodile Yes
76%
New 7 Wonders of the World Lighthouse of Alexandria No
76%
Oviparous animals (Egg-laying animals) Platypus Yes
76%
Find the 6 French cities among all these Canadian cities Saint Catharines No
76%
Countries colonized by Portugal Angola Yes
75%
Manga with over 100 millions sales Baki No
75%
Flags without Blue or Yellow Bhutan No
75%
Find the 6 French cities among all these Canadian cities Lille Yes
75%
Flags without Blue or Yellow Pakistan Yes
75%
New 7 Wonders of the World Taj Mahal Yes
75%
Find the 6 French cities among all these Canadian cities Longueil No
74%
Countries colonized by Portugal Mozambique Yes
74%
Find the 6 French cities among all these Canadian cities Orléans Yes
74%
Oviparous animals (Egg-laying animals) Crow Yes
73%
Manga with over 100 millions sales Dragon Ball Yes
73%
Manga with over 100 millions sales Naruto Yes
73%
Flags without Blue or Yellow Nepal No
73%
Flags without Blue or Yellow Qatar Yes
73%
Find the 6 French cities among all these Canadian cities Lévis No
72%
Flags without Blue or Yellow Nigeria Yes
72%
Moons of the solar system Triton Yes
72%
Moons of the solar system Callisto Yes
71%
New 7 Wonders of the World Machu Picchu Yes
70%
Countries colonized by Portugal Timor-Leste Yes
70%
Flags without Blue or Yellow Hungary Yes
69%
Manga with over 100 millions sales Berserk No
68%
New 7 Wonders of the World Grand Canyon No
68%
New 7 Wonders of the World Christ the Redeemer Yes
66%
Flags without Blue or Yellow Mauritania No
66%
New 7 Wonders of the World Great Barrier Reef No
65%
Find the 6 French cities among all these Canadian cities Trois-Rivières No
64%
Flags without Blue or Yellow Peru Yes
62%
Find the 6 French cities among all these Canadian cities Dunkerque Yes
59%
Moons of the solar system Eris No
58%
Manga with over 100 millions sales One Piece Yes
58%
Oviparous animals (Egg-laying animals) Sharks No
58%
New 7 Wonders of the World Petra Yes
57%
Manga with over 100 millions sales Hunter x Hunter No
56%
New 7 Wonders of the World Colosseum Yes
55%
Manga with over 100 millions sales Jujutsu Kaisen No
55%
Moons of the solar system Titania Yes
55%
Manga with over 100 millions sales Attack on Titans Yes
54%
Find the 6 French cities among all these Canadian cities Boulogne-Billancourt Yes
53%
New 7 Wonders of the World Chichén Itzá Yes
50%
New 7 Wonders of the World Great Pyramid of Giza No
50%
Moons of the solar system Ceres No
49%
Manga with over 100 millions sales Demon Slayer Yes
49%
Manga with over 100 millions sales My Hero Academia No
48%
Manga with over 100 millions sales Fullmetal Alchemist No
43%
Oviparous animals (Egg-laying animals) Snail Yes
40%
Manga with over 100 millions sales JoJo's Bizarre Adventure Yes
38%
Flags without Blue or Yellow Malawi Yes
37%
Oviparous animals (Egg-laying animals) Octopus Yes
36%
Oviparous animals (Egg-laying animals) Seahorse Yes
33%
Countries colonized by Portugal Equatorial Guinea Yes
32%
Manga with over 100 millions sales Bleach Yes
22%
Moons of the solar system Encelade Yes
19%
Moons of the solar system Umbriel Yes
15%
Manga with over 100 millions sales Kingdom Yes
8%
No matching quizzes found
Score Distribution
Percent of People with Each Score
Percentile by Number Answered
Your Score History
You have not taken this quiz